00441pab a2200145 454500008004000000100001900040245010100059260000900160300001400169362000800183650004200191650002000233700002400253773001800277180718b2008 xxu||||| |||| 00| 0 eng d aKundu, Anirban aSome microeconomic aspects of informal sector enterprises: field-based evidence from West Bengal c2008 ap.209-38. aSep aInformal sector - India - West Bengal aInformal sector aChakrabarti, Saumya aArtha Vijnana